University Home | Library Home | Institutional Repository

Radical school reform, (Record no. 192570)

MARC details
000 -LEADER
fixed length control field 00804cam5a220026500 4500
001 - CONTROL NUMBER
control field lce00786870
008 - FIXED-LENGTH DATA ELEMENTS--GENERAL INFORMATION
fixed length control field 700316c19701969nyu b 000 0 eng
010 ## - LIBRARY OF CONGRESS CONTROL NUMBER
LC control number 72092188
020 ## - INTERNATIONAL STANDARD BOOK NUMBER
International Standard Book Number 0671204122
020 ## - INTERNATIONAL STANDARD BOOK NUMBER
Terms of availability 7.95
035 ## - SYSTEM CONTROL NUMBER
System control number (Sirsi) r113959
035 ## - SYSTEM CONTROL NUMBER
System control number (DLC) 72092188
035 ## - SYSTEM CONTROL NUMBER
System control number (UPRA)lce00786870
050 0# - LIBRARY OF CONGRESS CALL NUMBER
Classification number LB41
Item number .G84 1970
082 ## - DEWEY DECIMAL CLASSIFICATION NUMBER
Classification number 370/.8
100 1# - MAIN ENTRY--PERSONAL NAME
Personal name Gross, Beatrice.
Linkage A76455.1
245 10 - TITLE STATEMENT
Title Radical school reform,
Statement of responsibility, etc. edited by Beatrice and Ronald Gross.
260 ## - PUBLICATION, DISTRIBUTION, ETC.
Place of publication, distribution, etc. New York,
Name of publisher, distributor, etc. Simon and Schuster
Date of publication, distribution, etc. [1970, c1969]
504 ## - BIBLIOGRAPHY, ETC. NOTE
Bibliography, etc. note Bibliography: p. 347-348.
650 #0 - SUBJECT ADDED ENTRY--TOPICAL TERM
Topical term or geographic name entry element Education.
Linkage S3595.1
700 1# - ADDED ENTRY--PERSONAL NAME
Personal name Gross, Ronald.
Linkage A76456.1
949 ## - LOCAL PROCESSING INFORMATION (OCLC)
a LB41
w lcc
i 33729000409404
m MAIN
t BOOK
l ON-SHELF
949 ## - LOCAL PROCESSING INFORMATION (OCLC)
a LB41
w lcc
i -163458
m MAIN
t BOOK
l ON-SHELF

No items available.

© 2026 - The University of Zambia Library - Koha v25.11